La sociedad : una introducción a la sociología /

Guardado en:
Autor Principal: Chinoy, Ely
Formato: Libro
Idioma:Spanish
Publicado: Mexico : Fondo de Cultura Económica, 1996.
Edición:1a. ed. ; 14a. reimp.
Materias:
Etiquetas: Agregar Etiqueta
Sin Etiquetas, Sea el primero en etiquetar este registro!
LEADER 00476nam a22001575a 4500
001 DER.der015616
008 251223s1996####mx#||||||||||||||#||spa||
005 20251223134741.0
245 1 0 |a La sociedad :  |b una introducción a la sociología /  |c Ely Chinoy. 
250 |a 1a. ed. ; 14a. reimp. 
260 |a Mexico :  |b Fondo de Cultura Económica,  |c 1996. 
300 |a 423 p. 
020 |a 9681601688 
100 1 |a Chinoy, Ely 
650 7 |a SOCIOLOGIA 
859 |a DERECHO  |b BIB. DERECHO  |h 301  |i CHI  |p 006254